[Event "POL-chT U20"]
[Site "Suchedniow"]
[Date "2016.07.31"]
[Round "9.27"]
[White "Strugarek, Lukasz"]
[Black "Kalemba, Igor"]
[Result "1-0"]
[WhiteElo "1407"]
[BlackElo "1041"]
[PlyCount "55"]
[EventDate "2016.07.23"]
[EventType "team-tourn"]
[EventRounds "9"]
[EventCountry "POL"]
[SourceTitle "EXT 2019"]
[Source "ChessBase"]
[SourceDate "2018.10.10"]
[SourceVersion "1"]
[SourceVersionDate "2018.10.10"]
[SourceQuality "1"]

1. e4 e6 2. d4 d5 3. Nc3 Bb4 4. exd5 exd5 5. Bd3 Nf6 6. a3 Be7 7. h3 0-0 8. Nf3 Be6 9. 0-0 c6 10. Re1 Nbd7 11. Ne2 Qc7 12. Nf4 Qd6 13. Qe2 Rfe8 14. Nxe6 Bf8 15. Bf4 Qxe6 16. Qxe6 Rxe6 17. Rxe6 fxe6 18. Re1 Re8 19. Kf1 h6 20. Bg6 Rd8 21. Rxe6 Nb6 22. Bc7 Rd7 23. Bxb6 axb6 24. Ne5 Re7 25. Rxe7 Bxe7 26. Bf7+ Kf8 27. Be6 Ne8 28. Nd7# 1-0

[Event "POL-ch U12"]
[Site "Suwalki"]
[Date "2015.04.13"]
[Round "8.19"]
[White "Strugarek, Lukasz"]
[Black "Jaszczuk, Hubert"]
[Result "1/2-1/2"]
[WhiteElo "1412"]
[BlackElo "1451"]
[PlyCount "70"]
[EventDate "2015.04.08"]
[EventType "swiss"]
[EventRounds "9"]
[EventCountry "POL"]
[SourceTitle "EXT 2023"]
[Source "ChessBase"]
[SourceDate "2022.10.05"]
[SourceVersion "1"]
[SourceVersionDate "2022.10.05"]
[SourceQuality "1"]

1. e4 Nf6 2. e5 Nd5 3. d4 d6 4. c4 Nb6 5. exd6 exd6 6. Nc3 Nc6 7. Nf3 Bg4 8. Be3 Be7 9. Bd3 Nb4 10. a3 Bxf3 11. gxf3 Nxd3+ 12. Qxd3 Bf6 13. 0-0-0 d5 14. cxd5 Nxd5 15. Nxd5 Qxd5 16. Qe4+ Qxe4 17. fxe4 0-0-0 18. f3 Rhe8 19. Kc2 c6 20. Rhg1 g6 21. Rd3 Re7 22. Rgd1 Kb8 23. e5 Bh4 24. Rg1 Red7 25. Rgd1 Be7 26. Kc3 Kc8 27. f4 Rd5 28. Bc1 a6 29. Be3 Kc7 30. Bc1 Kc8 31. h3 Kc7 32. Be3 Kc8 33. Bc1 Kc7 34. Be3 Kc8 35. Bc1 Kc7 1/2-1/2

[Event "POL-ch U12"]
[Site "Suwalki"]
[Date "2015.04.11"]
[Round "5.20"]
[White "Strugarek, Lukasz"]
[Black "Maciejewski, Kamil"]
[Result "0-1"]
[WhiteElo "1412"]
[BlackElo "1538"]
[PlyCount "46"]
[EventDate "2015.04.08"]
[EventType "swiss"]
[EventRounds "9"]
[EventCountry "POL"]
[SourceTitle "EXT 2023"]
[Source "ChessBase"]
[SourceDate "2022.10.05"]
[SourceVersion "1"]
[SourceVersionDate "2022.10.05"]
[SourceQuality "1"]

1. e4 e6 2. d4 d5 3. exd5 exd5 4. Nf3 Bg4 5. Be2 Bd6 6. 0-0 Ne7 7. h3 Bf5 8. c4 dxc4 9. Bxc4 0-0 10. Nc3 Ng6 11. Re1 Nc6 12. Be3 Nh4 13. Ng5 Bg6 14. Nge4 Nf5 15. Qd2 Nxe3 16. Qxe3 Re8 17. Qd2 Bb4 18. Bd5 Bxe4 19. Rxe4 Qxd5 20. Rxe8+ Rxe8 21. Nxd5 Bxd2 22. Rd1 Re1+ 23. Rxe1 Bxe1 0-1

[Event "POL-ch U12"]
[Site "Suwalki"]
[Date "2015.04.08"]
[Round "1.15"]
[White "Strugarek, Lukasz"]
[Black "Ossolinski, Ziemowit"]
[Result "0-1"]
[WhiteElo "1412"]
[BlackElo "1612"]
[PlyCount "74"]
[EventDate "2015.04.08"]
[EventType "swiss"]
[EventRounds "9"]
[EventCountry "POL"]
[SourceTitle "EXT 2023"]
[Source "ChessBase"]
[SourceDate "2022.10.05"]
[SourceVersion "1"]
[SourceVersionDate "2022.10.05"]
[SourceQuality "1"]

1. e4 e6 2. d4 d5 3. exd5 exd5 4. Nf3 Nf6 5. Bd3 Bd6 6. 0-0 0-0 7. c4 dxc4 8. Bxc4 Bg4 9. Be3 Nbd7 10. h3 Bh5 11. Nc3 Nb6 12. Bb3 c6 13. Rc1 Nfd5 14. Nxd5 Nxd5 15. Bxd5 cxd5 16. Re1 f5 17. Bd2 f4 18. Qb3 Rf5 19. Ne5 f3 20. g3 Bxe5 21. Rxe5 Rxe5 22. dxe5 Qd7 23. Kh2 b6 24. Re1 Qe6 25. Bf4 Rd8 26. Bg5 Rd7 27. Bf4 h6 28. Qc3 g5 29. Be3 Bg6 30. Qd4 Be4 31. a3 Rc7 32. b4 Rc2 33. Rc1 Rxc1 34. Bxc1 Kf7 35. g4 Kg6 36. Qc3 h5 37. gxh5+ Kxh5 0-1